00513nam a22001577a 450000500170000000800410001704000070005804100120006508200200007710000250009724500600012265000350018294200130021799900190023095201060024920240314163902.0240314b ||||| |||| 00| 0 eng d cAL aEnglish 223a615.1bPLAM aRizwan Shaik9154424 aCase Study on the Working of Plama Laboratories Limited aProject Report 1994-979154425 2ddccPRO c230363d230363 00102ddc40718GENaALbALd2024-03-14l0o615.1 PLAMpD01743r2024-03-14 00:00:00w2024-03-14yPRO